| Tag |
First Indicator |
Second Indicator |
Subfields |
| LEADER |
00000cam a22000007a 4500 |
| 001 |
in00000004003 |
| 007 |
he bmb024bbca |
| 008 |
990719s1998 dcuab bb f000 0 eng d |
| 005 |
20230309222516.1 |
| 035 |
|
|
|a (OCoLC)41900094
|
| 035 |
|
|
|9 AJH8417AM
|
| 035 |
|
|
|a in00000004003
|
| 040 |
|
|
|a GPO
|c GPO
|d DLC
|d MvI
|d UtOrBLW
|
| 043 |
|
|
|a n-us---
|
| 049 |
|
|
|a UMIC
|
| 074 |
|
|
|a 0431-J (MF)
|
| 074 |
|
|
|a 0431-J (online)
|
| 086 |
0 |
|
|a EP 1.23/6:600/R-98/144
|
| 088 |
|
|
|a EPA/600/R-98/144
|
| 100 |
1 |
|
|a Einfeld, Wayne.
|
| 245 |
1 |
0 |
|a Field-portable gas chromatograph :
|b Perkin-Elmer Photovac Voyager /
|c by Wayne Einfeld.
|
| 246 |
2 |
|
|a Field portable gas chromatograph
|
| 264 |
|
1 |
|a Las Vegas, Nev. :
|b National Exposure Research Laboratory, Office of Research and Development, U.S. Environmental Protection Agency,
|c [1998]
|
| 300 |
|
|
|a xviii, 66 pages :
|b illustrations, maps ;
|c 28 cm.
|
| 336 |
|
|
|a text
|b txt
|2 rdacontent
|
| 337 |
|
|
|a microform
|b h
|2 rdamedia
|
| 338 |
|
|
|a microfiche
|b he
|2 rdacarrier
|
| 490 |
1 |
|
|a Environmental technology verification report
|
| 500 |
|
|
|a Shipping list number: 99-0615-M.
|
| 500 |
|
|
|a "November 1998."
|
| 504 |
|
|
|a Includes bibliographical references (page 66).
|
| 500 |
|
|
|a "EPA/600/R-98/144."
|
| 500 |
|
|
|a "The U.S. Environmental Protection Agency ... funded and managed, under interagency agreement number DW89936700-01-0 with the U.S. Department of Energy's Sandia National Laboratory, the verification effort described in this document."
|
| 533 |
|
|
|a Microfiche.
|b [Washington, D.C.] :
|c Supt. of Docs., U.S. G.P.O.,
|d [1999]
|e 1 microfiche : negative.
|
| 530 |
|
|
|a Also available via Internet from EPA's Environmental Technology Verification web site (PDF file only). Address as of 6/21/99: http://www.epa.gov/etv/02/pep%5Fvr.pdf; current access is available via PURL.
|
| 500 |
|
|
|a Microform.
|
| 650 |
|
0 |
|a Gas chromatography
|x Evaluation.
|
| 650 |
|
0 |
|a Volatile organic compounds
|x Analysis
|x Technological innovations
|z United States
|x Evaluation.
|
| 650 |
|
0 |
|a Water
|x Pollution
|x Measurement
|x Technological innovations
|z United States
|x Evaluation.
|
| 710 |
2 |
|
|a National Exposure Research Laboratory (U.S.)
|
| 710 |
2 |
|
|a Sandia National Laboratories.
|
| 710 |
1 |
|
|a United States.
|b Environmental Protection Agency.
|
| 830 |
|
0 |
|a Environmental technology verification report.
|
| 856 |
4 |
1 |
|u https://purl.fdlp.gov/GPO/LPS3060
|z Adobe Acrobat Reader required to view document
|t 0
|
| 999 |
|
|
|a MARS
|
| 999 |
f |
f |
|i 16532829-6430-3aa8-ac41-e4dff2b7220d
|s 1c6767b0-2f48-302d-8128-7adf55dea407
|t 0
|
| 952 |
f |
f |
|p normal
|a Texas A&M University
|b College Station
|c Sterling C. Evans Library
|d Evans: US Documents Microfiche (3rd floor)
|t 0
|e EP 1.23/6:600/R-98/144
|h Superintendent of Documents classification
|i microform -- microfiche
|m A14824498890
|
| 952 |
f |
f |
|a Texas A&M University
|b College Station
|c Electronic Resources
|d Available Online
|t 0
|e EP 1.23/6:600/R-98/144
|h Superintendent of Documents classification
|
| 998 |
f |
f |
|a EP 1.23/6:600/R-98/144
|t 0
|l Evans: US Documents Microfiche (3rd floor)
|
| 998 |
f |
f |
|a EP 1.23/6:600/R-98/144
|t 0
|l Available Online
|